000 00590nam a2200217Ii 4500
001 11871
003 CO-ViMGA
008 241108s9999||||xx |||||||||||||| ||und||
020 _a9586480429
040 _aCO-ViMGA
_bspa
_erda
_cCO-ViMGA
041 0 _aspa
084 _aC BER1c
100 1 _aLuis Darío Bernal Pinilla
_949735
245 1 0 _aCoralito
264 1 _aBogotá, Colombia : Ecoe, 1992
300 _avolumen
336 _atext
_btxt
_2rdacontent
337 _aunmediated
_bn
_2rdamedia
338 _avolume
_bnc
_2rdacarrier
940 _aidficha_siabuc: 11590. -- ficha_no_siabuc:11871
999 _c44412
_d44412